| 000 | 00466nam a2200145 4500 | ||
|---|---|---|---|
| 999 |
_c1583 _d1583 |
||
| 008 | 200127b ||||| |||| 00| 0 eng d | ||
| 082 | 0 | 0 |
_a621.811076 _bA6371 |
| 100 |
_9752 _aAnvoner, S. |
||
| 245 | 1 | 0 |
_aSolution of problems in mechanics of machines: applied dynamics and mechanisms - Vol. 3 / _cby S. Anvoner |
| 250 | _aMetric edition | ||
| 260 |
_aLondon _bPitman Publishing _c1974 |
||
| 300 | _aviii, 267 p. | ||
| 650 | 0 | _aMechanical Engineering | |
| 942 |
_2ddc _cBK |
||